000 00794nam a22002057a 4500
999 _c80695
_d80695
008 201130b ||||| |||| 00| 0 eng d
040 _bger
_cSTAFF
_erda
_aSTAFF
041 _ager
100 _aKelm, Hartmut:
245 _aBartnings Meisterstück.
_bImmobilien: Frankfurt ist reich an einst bedeutenden und heute leerstehenden Bauten. Ein verlassener Ort ist das frühere Musikheim und Kleist-Theater /
_cHartmut Kelm
600 _aBartning, Otto
_d(1883-1959)
653 _aFrankfurt (Oder)
653 _aMusikheim
653 _aKleist-Theater
773 _dFrankfurt (Oder): Märkisches Verlags- und Druckhaus GmbH & Co KG
_g32. Jahrgang (2021) Nr. 33 vom 09.02.2021, S. 14
_tMärkische Oderzeitung
942 _cA